000 00615nam a22001937a 4500
999 _c61304
_d61304
005 20240201152704.0
008 240201s2021 en ||||| |||| 00| 0 eng d
020 _a9780578961675 X
041 _aeng
080 _a657.7 H-19
100 _aHall, Charles (Author)
_921171
245 _aAudit Risk Assessment Made Easy:
_bSeeing What Others Miss /
_cCharles Hall
264 _aMiddetowen,
_c2021.
300 _a143 pages:
_b22 cm.
653 _aAudit Risk Assessment Made Easy: Seeing What Others Miss
653 _aაუდიტი
653 _aბუღალტერია
942 _2udc
_cᲬᲘᲒᲜᲘ